| 000 | 01176nam a22002177a 4500 | ||
|---|---|---|---|
| 005 | 20120207125230.0 | ||
| 020 |
_c90.00 _a |
||
| 035 | _aB-76276 | ||
| 037 |
_a _b |
||
| 082 | _a153.93 | ||
| 100 |
_aलाल एवं जैन _941076 |
||
| 245 |
_aउपकार वौद्धिक एवं तर्कशक्ति परीक्षा / _cलाल एवं जैन |
||
| 260 |
_aआगरा _bउपकार प्रकाशन _cव.अ. |
||
| 270 |
_a2/11 ए, स्वदेशी बीमा नगर (शाह सिनेमा के सामने) _bआगरा _e282002 |
||
| 300 |
_aवि. पृ. _c24सेमी.(अजिल्द) |
||
| 500 | _aएन.सी.ई.आर.टी.द्वारा संचालित | ||
| 700 |
_aजैन, टी. एस. _940120 |
||
| 942 |
_2ddc _cHN _mलालए _h153.93 |
||
| 999 |
_c62166 _d62166 |
||